000 00996nam a2200229Ii 4500
003 JO-AjNU
008 230605s9999||||xx |||||||||||||| ||und||
017 _a2007/6/1842
020 _a9957-16-352-5
040 _aJO-AjNU
_bara
_erda
_cJO-AjNU
041 _aara
050 1 4 _aHF5548.32 .K57.2008
100 3 _aالكسواني، عامر محمود,
_eauthor
_912386
245 0 0 _aالتجارة عبر الحاسوب:ماهيتها-اتباتها-وسائل حمايتها-القانون الواجب التطبيق عليها في كل من الاردن ومصر وامارة دبي :دراسة مقارنة
250 _aط1
264 3 1 _aعمان: دار الثقافة للنشر والتوزيع؛2008
300 _a304ص
_bيحتوي على ببلوغرافية من ص293-304ص
336 _atext
_btxt
_2rdacontent
337 _aunmediated
_bn
_2rdamedia
338 _avolume
_bnc
_2rdacarrier
650 4 _aالتجارة الدولية-الحواسيب-علم الحاسوب
_912387
999 _aA2810
_c6378
_d6378